Breves observaciones a las leyes de 3 de agosto de 1876 i 16 de diciembre de 1892
Na minha lista:
| Main Authors: | , , , , , , , , , , , , , , , , , , , , , , , |
|---|---|
| Formato: | Livro |
| Idioma: | espanhol |
| Publicado em: |
Santiago
Nacional
1897
|
| Assuntos: | |
| Tags: |
Adicionar Tag
Sem tags, seja o primeiro a adicionar uma tag!
|
MARC
| LEADER | 00000nam a2200000 a 4500 | ||
|---|---|---|---|
| 001 | UCR1214 | ||
| 003 | CL-VaPUC | ||
| 008 | 971212e18970000CL |||||||||||||||||spa|d | ||
| 082 | 0 | 4 | |a 345.05 |b ARA |2 21 |
| 100 | 0 | |a Araya J., José Luis |e author |9 398164 | |
| 700 | |a Langlois V., Francisco |e author |9 398165 | ||
| 700 | 0 | |a Cornejo Jiménez, J. Luis |e author |9 398166 | |
| 700 | 0 | |a Viel C., Oscar |e author |9 398167 | |
| 700 | 0 | |a Badilla Acuña, Eduardo |e author |9 398168 | |
| 700 | 0 | |a Vargas C., Eulogio E |e author |9 398169 | |
| 700 | 0 | |a Labbé Torrealba, Tobías |e author |9 398170 | |
| 700 | 0 | |a González Campos, M. Alejandro |e author |9 398171 | |
| 700 | 0 | |a Alvarez Jofré, Blas |e author |9 398172 | |
| 700 | 0 | |a Coo Tagle, Alberto |e author |9 398173 | |
| 700 | 0 | |a Muñoz Olave, Ambrosio |e author |9 398174 | |
| 700 | 0 | |a Palma H., Francisco J |e author |9 398175 | |
| 700 | 0 | |a Calvo Mackenna, Miguel |e author |9 398176 | |
| 700 | |a Guerra, José Guillermo |e author |9 437317 | ||
| 700 | 0 | |a Valenzuela Mozó, Eduardo |e author |9 398178 | |
| 700 | 0 | |a Lorca P., Rafael |e author |9 398179 | |
| 700 | 0 | |a Gajardo Guzmán, José D |e author |9 398180 | |
| 700 | 0 | |a Pascal, Gastón |e author |9 398181 | |
| 700 | 0 | |a Robles-Vía F., Carlos |e author |9 398182 | |
| 700 | |a Ghigliotto Salas, Orlando |e author |9 398183 | ||
| 700 | |a König, Abraham |e author |9 570965 | ||
| 700 | 0 | |a Concha, Antenor |e author |9 398185 | |
| 700 | 0 | |a Fuente Araya, Perfecto de la |e author |9 398186 | |
| 700 | 0 | |a Dávila Silva, Ricardo |e author |9 398187 | |
| 245 | 1 | 0 | |a Breves observaciones a las leyes de 3 de agosto de 1876 i 16 de diciembre de 1892 |
| 246 | 1 | 3 | |a Un estudio sobre cheques |
| 246 | 1 | 0 | |a Errores de redacción y otros defectos de la Ley Orgánica de Tribunales |
| 246 | 1 | 0 | |a Observaciones sobre las leyes de libertad de imprenta |
| 246 | 1 | 0 | |a Filiación natural anterior i posterior a la vijencia de nuestro Código Civil |
| 246 | 1 | 0 | |a Algunas observaciones sobre el contrato de cambio y su legislación |
| 246 | 1 | 3 | |a El poder municipal en Chile |
| 246 | 1 | 3 | |a El adherimiento a la apelación |
| 246 | 1 | 0 | |a Del privilejio de pobreza |
| 246 | 1 | 0 | |a Estudio sobre penalidad |
| 246 | 1 | 0 | |a Breves consideraciones sobre nuestro sistema electoral |
| 246 | 1 | 0 | |a Observaciones sobre la ley electoral chilena |
| 246 | 1 | 0 | |a Breves consideraciones sobre el artículo 101 de la Constitución del estado |
| 246 | 1 | 3 | |a El amparo de las minas |
| 246 | 1 | 0 | |a Quién puede ser partidor? |
| 246 | 1 | 0 | |a Cuestión de competencia |
| 246 | 1 | 0 | |a Del conocimiento |
| 246 | 1 | 3 | |a La lesión enorme en el contrato de compra-venta i sus precedentes históricos en la lejislación civil |
| 246 | 1 | 0 | |a Párrafo 5§, título XII de la lei de organización i atribuciones de los tribunales |
| 246 | 1 | 3 | |a La intervención del clero en las elecciones |
| 246 | 1 | 3 | |a La cláusula testamentaria en que consigna el reconocimiento del hijo natural ¿es revocable? |
| 246 | 1 | 0 | |a De los recibos sobre contribuciones municipales: comentarios al art. 53 de la Lei de Municipalidades de 22 de Diciembre de 1891 |
| 246 | 1 | 0 | |a Contribución a la reforma del Código Civil |
| 300 | |a 957 p | ||
| 942 | |c BK | ||
| 945 | |d 19971212 00:00:00 |a cmena | ||
| 260 | |a Santiago |b Nacional |c 1897 | ||
| 500 | |a A cada autor le corresponde un trabajo | ||
| 650 | 0 | |a Justicia |9 255408 | |
| 650 | 0 | |a Derecho civil |9 255013 | |
| 650 | 7 | |a DERECHO PENAL |2 CL-VaPUC |9 11 | |
| 650 | 0 | |a Derecho privado |9 258243 | |
| 650 | 0 | |a Código penal |9 255935 | |
| 650 | 0 | |a Delitos |9 224143 | |
| 650 | 7 | |a DERECHO CHILENO |2 CL-VaPUC |9 398188 | |
| 650 | 0 | |a Cheque |9 257249 | |
| 650 | 0 | |a Jurisprudencia |9 255952 | |
| 650 | 7 | |a LEY ORGANICA DE TRIBUNALES |2 CL-VaPUC |9 398189 | |
| 650 | 0 | |a Elecciones |9 254997 | |
| 650 | 0 | |a Iglesia |9 255004 | |
| 650 | 0 | |a Derecho minero |9 257109 | |
| 651 | 7 | |a CHILE |2 CL-VaPUC |9 398190 | |
| 583 | |a last modification |c 19971212 00:00:00 |k Rodrigo Vera | ||
| 999 | |c 264691 |d 264689 | ||
| 952 | |0 0 |1 0 |4 0 |6 345_050000000000000_ARA_1897 |7 0 |8 X |9 295083 |a BIBDER |b BIBDER |d 2019-11-19 |i 1921673 |o 345.05 ARA 1897 |p 1921673 |r 2023-01-25 |w 2019-11-19 |y BK_X |k DER | ||